| 000 | 00688nam a22002295i 4500 | ||
|---|---|---|---|
| 001 | 171609 | ||
| 003 | ES-MaACL | ||
| 005 | 20230906214657.0 | ||
| 008 | 090522s1955 sp |||| | spa d | ||
| 080 | _a929(467.1) | ||
| 100 | 1 |
_aSoldevila, Carles. _9107110 |
|
| 245 | 1 | 0 |
_aCataluña, sus hombres y sus obras / _cCarlos Soldevila ; prólogo de F. Soldevila. |
| 250 | _a1ª ed. | ||
| 260 |
_aBarcelona : _bAedos, _c1955. |
||
| 300 |
_a405 p., 57 lám. : _bil. ; _c29 cm. |
||
| 490 | 1 | _aPanorama | |
| 650 | 1 | 4 |
_aCatalanes- _xBiografías. _910836 |
| 700 | 1 |
_aSoldevila, Ferran. _9107111 |
|
| 830 | 0 |
_aPanorama _9181571 |
|
| 852 |
_aES-MaACL _jC-9155 _9R.37379 |
||
| 999 |
_c171609 _d171609 |
||